|
|
|
|
| LEADER |
00000nam0a2200000 4500 |
| 001 |
322182 |
| 005 |
20231102003441.0 |
| 010 |
|
|
|a 9785811422715
|
| 035 |
|
|
|a (RuTPU)RU\TPU\book\347738
|
| 035 |
|
|
|a RU\TPU\book\109407
|
| 090 |
|
|
|a 322182
|
| 100 |
|
|
|a 20060912d2016 m y0rusy50 ca
|
| 101 |
0 |
|
|a rus
|
| 102 |
|
|
|a RU
|
| 105 |
|
|
|a y j 001zy
|
| 200 |
1 |
|
|a Химическая термодинамика
|e учебное пособие для вузов
|f В. В. Буданов, А. И. Максимов
|g под ред. О. И. Койфмана
|
| 205 |
|
|
|a 2-е изд., испр.
|
| 210 |
|
|
|a Санкт-Петербург
|c Лань
|d 2016
|
| 215 |
|
|
|a 317 с.
|c ил.
|
| 225 |
1 |
|
|a Учебники для вузов. Специальная литература
|
| 320 |
|
|
|a Библиогр.: с. 312-313
|
| 330 |
|
|
|a В краткой и доступной форме рассмотрены основные положения феноменологической (равновесной и неравновесной) и статистической термодинамики, их применение к расчетам химических реакций и сопутствующих физических процессов. Большое внимание уделено проблемам недостаточно освещенным в литературе: стандартизации и размерностям термодинамических величин, существенным деталям выводов основополагающих уравнений и их применению в неидеальных системах. Написано в соответствии с Государственным образовательным стандартом по направлениям «Химия», «Химическая технология и биотехнология», предназначено студентам, магистрантам, аспирантам, а также научным сотрудникам и преподавателям для самостоятельной работы над курсом.
|
| 606 |
1 |
|
|a Термодинамика химическая
|2 stltpush
|3 (RuTPU)RU\TPU\subj\70428
|9 84689
|
| 610 |
1 |
|
|a учебные пособия
|
| 610 |
1 |
|
|a равновесная термодинамика
|
| 610 |
1 |
|
|a законы термодинамики
|
| 610 |
1 |
|
|a термодинамические потенциалы
|
| 610 |
1 |
|
|a идеальные растворы
|
| 610 |
1 |
|
|a химические реакции
|
| 610 |
1 |
|
|a неидеальные растворы
|
| 610 |
1 |
|
|a статистическая термодинамика
|
| 610 |
1 |
|
|a термодинамические функции
|
| 610 |
1 |
|
|a химическое равновесие
|
| 610 |
1 |
|
|a линейная неравновесная термодинамика
|
| 610 |
1 |
|
|a необратимые процессы
|
| 610 |
1 |
|
|a гомогенные системы
|
| 610 |
1 |
|
|a электрокинетические явления
|
| 675 |
|
|
|a 544.3(075.8)
|v 3
|
| 700 |
|
1 |
|a Буданов
|b В. В.
|g Вадим Васильевич
|
| 701 |
|
1 |
|a Максимов
|b А. И.
|g Александр Иванович
|
| 702 |
|
1 |
|a Койфман
|b О. И.
|4 340
|
| 801 |
|
1 |
|a RU
|b 63413507
|c 20160919
|
| 801 |
|
2 |
|a RU
|b 63413507
|c 20161102
|g RCR
|
| 900 |
|
|
|a Термодинамика
|
| 942 |
|
|
|c BK
|
| 952 |
|
|
|l 8.2
|
| 959 |
|
|
|a 51/20160714
|d 3
|e 994,00
|f ЧЗТЛ:1
|f УФ:2
|